00253 a2200121 4500001000700000020001800007040001100025100002300036240003000059245002500089300000800114362000900122182164 a85-265-0206-9 cMagnum aLispector, Clarice10aLaços de famílialpor10aLaços de família a1670 a1994